000 00692nam a2200229Ia 4500
003 OSt
005 20220928105930.0
006 a|||||r|||| 00| 0
007 ta
008 220927b |||||||| |||| 00| 0 eng d
024 _a74231
037 _cTextual
040 _aSDCL
_cSDCL
_beng
041 _2eng
_aeng
082 _aX9B:8DR.1(X)'N8, M7
100 _aAndersson Tommy D
_9417320
245 0 _aProfit in small firms
_b A model based on case studies from the informal sector in a developing country.
260 _aAldershot
_bAvebury
_c1987
300 _a407p
_ccm.
942 _hX9B:8DR.1(X)'N8, M7
_cTEXL
_2CC
999 _c733312
_d733312